LEADER 01305oam 2200361Ia 450 001 9910696331303321 005 20080131144729.0 035 $a(CKB)5470000002377520 035 $a(OCoLC)182545267 035 $a(EXLCZ)995470000002377520 100 $a20071127d2007 ua 0 101 0 $aeng 135 $aurnn||||||||| 181 $ctxt$2rdacontent 182 $cc$2rdamedia 183 $acr$2rdacarrier 200 00$aSupplemental materials for the analysis of capture-recapture data for Polar Bears in western Hudson Bay, Canada, 1984-2004$b[electronic resource] /$fby Eric V. Regehr ... [and others] 210 1$aReston, Va. :$cU.S. Geological Survey,$d2007. 215 $aiii, 13 pages $cdigital, PDF file 225 1 $aData series ;$v304 300 $aTitle from PDF title screen (viewed on Nov. 27, 2007). 320 $aIncludes bibliographic references (pages 12-13). 606 $aPolar bear$zHudson Bay 615 0$aPolar bear 701 $aRegehr$b Eric V$01398032 712 02$aGeological Survey (U.S.) 801 0$bGIS 801 1$bGIS 801 2$bGPO 906 $aBOOK 912 $a9910696331303321 996 $aSupplemental materials for the analysis of capture-recapture data for Polar Bears in western Hudson Bay, Canada, 1984-2004$93473118 997 $aUNINA LEADER 05277nam 2200445 450 001 9910825237003321 005 20230629220431.0 010 $a1-119-81907-5 010 $a1-119-81908-3 010 $a1-119-81906-7 035 $a(CKB)4100000011990198 035 $a(MiAaPQ)EBC6683023 035 $a(Au-PeEL)EBL6683023 035 $a(OCoLC)1263024868 035 $a(EXLCZ)994100000011990198 100 $a20220412d2021 uy 0 101 0 $aeng 135 $aurcnu|||||||| 181 $ctxt$2rdacontent 182 $cc$2rdamedia 183 $acr$2rdacarrier 200 10$aArc welding processes handbook /$fRamesh Singh 210 1$aHoboken, New Jersey :$cScrivener Publishing,$d[2021] 210 4$d©2021 215 $a1 online resource (440 pages) 311 $a1-119-81905-9 327 $aIntro -- Table of Contents -- Title Page -- Copyright -- List of Figures -- List of Tables -- Foreword -- Preface -- 1 Introduction to Welding Processes -- 1.1 Synopsis -- 1.2 Keywords -- 1.3 Welding -- 1.4 Defining Welding -- 1.5 Welding and Joining Processes -- 1.6 Arc Welding -- 1.7 Efficiency of Energy Use -- 1.8 Welding Procedures -- 1.9 Qualification of Welders and Operators -- 2 Shielded Metal Arc Welding (SMAW) -- 2.1 Synopsis -- 2.2 Keywords -- 2.3 Introduction -- 2.4 Process Fundamentals -- 2.5 How the Process Works -- 2.6 Power Sources -- 2.7 AC Power Sources -- 2.8 Direct Current Power Sources -- 2.9 Welding Safety and Personal Protecting Equipment -- 2.10 Covered Electrodes Used in SMAW Process -- 2.11 Welding Training - Making of a Welder -- 2.12 Welding Other Metals -- 2.13 Welding and Fabrication of Duplex Stainless Steels -- 2.14 SMAW Welding Nickel Alloys -- 2.15 Minimizing Discontinuities in Nickel and Alloys Welds -- 2.16 Review Your Knowledge -- 3 Gas Tungsten Arc Welding -- 3.1 Synopsis -- 3.2 Keywords -- 3.3 Introduction to Gas Tungsten Arc Welding Process -- 3.4 Process Description -- 3.5 How the Process Works -- 3.6 Process Advantages and Limitations -- 3.7 Power Sources -- 3.8 Shielding Gases -- 3.9 Gas Regulators and Flowmeters -- 3.10 GTAW Torches, Nozzles, Collets, and Gas Lenses -- 3.11 Tungsten Electrodes -- 3.12 Joint Design -- 3.13 Power Source Remote Control -- 3.14 Installation of Welding Machines -- 3.15 Power Source Cooling System -- 3.16 Welding Connections - Welding Cable and Welding Torch Connections -- 3.17 Welding Power Source Classification by NEMA -- 3.18 Welding Personal Protecting Equipment -- 3.19 Other Essential Clothing for Welders -- 3.20 Filler Wires Used in GTAW Process -- 3.21 Classification and Identification of Welding Wires -- 3.22 The Aluminum Alloy Temper and Designation System. 327 $a3.23 Welding Metals Other Than Carbon and Alloy Steels -- 3.24 GTAW Welding of Aluminum -- 3.25 GTAW Welding of Stainless Steel -- 3.26 Mechanical Properties -- 3.27 Welding Nickel Alloys -- 3.28 Later Developments in GTAW Process -- 3.29 Plasma Arc Welding -- 3.30 Review Your Knowledge -- 4 Gas Metal Arc Welding -- 4.1 Synopsis -- 4.2 Keywords -- 4.3 Introduction to Gas Metal Arc Welding Process -- 4.4 Process Description -- 4.5 Components of the Welding Arc -- 4.6 Effects of Variables on Welding -- 4.7 Advanced Welding Processes for GMAW -- 4.8 The Adaptive Loop -- 4.9 Advanced Waveform Control Technology -- 4.10 Equipment for GMAW Process -- 4.11 GMAW Power Sources -- 4.12 Installation of Welding Machines -- 4.13 Welding Various Metals -- 4.14 Welding Nickel Alloys -- 4.15 Minimizing Discontinuities in Nickel and Alloys Welds -- 4.16 Calculating Heat Input in Pulsed Arc GMAW -- 4.17 Review Your Knowledge -- 5 Flux Cored Arc Welding (FCAW) Process -- 5.1 Synopsis -- 5.2 Keywords -- 5.3 Introduction to Flux Cored Arc Welding (FCAW) Process -- 5.4 Process Description -- 5.5 Welding Wires/Electrodes -- 5.6 Power Sources -- 5.7 Other Accessories to Power Source -- 5.8 Shielding Gases -- 5.9 Welding Various Metals -- 5.10 Tips for Good Welding by FCAW Process -- 5.11 Test Your Knowledge -- 6 Submerged Arc Welding (SAW) -- 6.1 Synopsis -- 6.2 Keywords -- 6.3 Introduction to Submerged Arc Welding (SAW) Process -- 6.4 Operating Characteristics -- 6.5 Submerged Arc Welding (SAW) Process -- 6.6 How the SAW Process Works -- 6.7 SAW Process Variants -- 6.8 SAW Power Source and Equipment -- 6.9 Welding Heads (Gun) -- 6.10 Fluxes -- 6.11 Submerged Arc Welding Various Metals -- 6.12 Test Your Knowledge -- 7 Useful Data and Information Related to Welding and Fabrication -- 7.1 Common Weld Symbols and Their Meanings -- 7.2 Fillet Welds -- 7.3 Groove Welds. 327 $a7.4 Pipe Schedule -- 7.5 Terms and Abbreviations -- 7.6 Procedure Qualification Range as Per the Material Group -- 7.7 Material Qualification Rage for Procedure Qualification Based on P-Numbers -- 7.8 Temperature Conversion -- 7.9 Useful Calculations -- 7.10 Effect of Temperature on Gas Cylinder Pressure -- Index -- End User License Agreement. 606 $aElectric welding$vHandbooks, manuals, etc 615 0$aElectric welding 676 $a671.5212 700 $aSingh$b Ramesh$01594623 801 0$bMiAaPQ 801 1$bMiAaPQ 801 2$bMiAaPQ 906 $aBOOK 912 $a9910825237003321 996 $aArc welding processes handbook$94111837 997 $aUNINA LEADER 02485nas 2200793-a 450 001 996436542603316 005 20231101154427.0 011 $a2326-2060 035 $a(OCoLC)55617034 035 $a(CKB)110984073528616 035 $a(CONSER)--2004236866 035 $a(DE-599)ZDB2019311-7 035 $a(EXLCZ)99110984073528616 100 $a20040609b19681987 --- a 101 0 $aeng 135 $aurmnu|||||||| 181 $ctxt$2rdacontent 182 $cc$2rdamedia 183 $acr$2rdacarrier 200 04$aThe drama review 210 $aNew York, N.Y. $cNew York University, School of the Arts$d©1968-1987 210 3 $aCambridge, MA $cMIT Press for the Tisch School of the Arts/New York University 300 $aRefereed/Peer-reviewed 311 $a0012-5962 517 3 $aTDR 531 $aDRAMA REVIEW 531 $aDRAMA REVIEW: TDR 531 $aTHE DRAMA REVIEW 606 $aTheater$vPeriodicals 606 $aTheater$xPolitical aspects$vPeriodicals 606 $aTheater and society$vPeriodicals 606 $aExperimental theater$vPeriodicals 606 $aThéâtre$vPériodiques 606 $aThéâtre$xAspect politique$vPériodiques 606 $aThéâtre et société$vPériodiques 606 $aThéâtre expérimental$vPériodiques 606 $aExperimental theater$2fast$3(OCoLC)fst00918508 606 $aTheater$2fast$3(OCoLC)fst01149217 606 $aTheater and society$2fast$3(OCoLC)fst01149315 606 $aTheater$xPolitical aspects$2fast$3(OCoLC)fst01149276 606 $aPerformance$gKünste$2gnd 606 $aTheater$2gnd 606 $aTheater$2swd 608 $aPeriodicals.$2fast 608 $aPeriodicals.$2lcgft 610 $aDrama 615 0$aTheater 615 0$aTheater$xPolitical aspects 615 0$aTheater and society 615 0$aExperimental theater 615 6$aThéâtre 615 6$aThéâtre$xAspect politique 615 6$aThéâtre et société 615 6$aThéâtre expérimental 615 7$aExperimental theater. 615 7$aTheater. 615 7$aTheater and society. 615 7$aTheater$xPolitical aspects. 615 7$aPerformance 615 7$aTheater 615 07$aTheater. 676 $a792 712 02$aTisch School of the Arts. 712 02$aNew York University.$bSchool of the Arts. 712 02$aMIT Press. 906 $aJOURNAL 912 $a996436542603316 996 $aDrama review$9892795 997 $aUNISA